| 000 | 00523nam a2200193 a 4500 | ||
|---|---|---|---|
| 003 | DO-SdBNP | ||
| 005 | 20210922150946.0 | ||
| 007 | ta | ||
| 008 | 210922e2019 dr ||||er|||| 00| 0 spa d | ||
| 040 |
_aDO-SdBNP _bspa _cBNPHU |
||
| 082 | _bS684v | ||
| 100 | 1 |
_98296 _aSolano Pérez, Juan, _d1965 |
|
| 245 | 1 | 2 |
_aVolver la mirada / _cJuan Solano Pérez |
| 250 | _a2 da. edición ampliada. | ||
| 260 |
_aSanto Domingo : _bSoto Pérez, _c2019 |
||
| 300 |
_a39 p.; _c21 cm |
||
| 590 | _aInventariado 2021 / MF | ||
| 942 |
_2ddc _cLF2 |
||
| 999 |
_c50636 _d50636 |
||